Neuer Plutarch, oder: Bildnisse und Biographien der berühmtesten Männer und Frauen aller Nationen und Stände; non den ältern bis auf unsere Zeiten III. Band

Bibliographic Details
Format: Book
Language:German
PhysicalDescription:356, [4] s.
Published: Pesth Conrad Adolf Hartleben 1853

MARC

LEADER 00000nam a22000005a 4500
001 vtls011715263
003 SK-MaSNL
005 20260224133523.0
008 180810s1853 hu 000 0 ger
040 |a SNK  |b slo  |c SNK  |e AACR2 
041 0 |a ger 
044 |a hu  |c HU 
245 0 0 |a Neuer Plutarch, oder: Bildnisse und Biographien der berühmtesten Männer und Frauen aller Nationen und Stände; non den ältern bis auf unsere Zeiten  |n III. Band 
260 |a Pesth  |b Conrad Adolf Hartleben  |c 1853 
300 |a 356, [4] s. 
852 |a Slovenská národná knižnica v Martine  |b 10000  |h IC 30345/3 
958 |a ONDV 
999 |c 1024673  |d 1026603 
952 |a SNK  |b SNK  |y PREZ  |7 0  |p 17A1152624  |o snkIC 30345/3  |i snkK 268/62  |8 3  |3 Rekatalogizácia  |0 0  |1 0  |4 0  |d 2017-10-12  |l 0  |r 2026-02-24 13:35:23  |w 2026-02-24